| 000 | 00522nam a2200229Ia 4500 | ||
|---|---|---|---|
| 008 | 210210b2005 xxu||||| |||| 00| 0 eng d | ||
| 020 | _a8188733350 | ||
| 041 | _aeng | ||
| 082 | _a370 PRAE | ||
| 100 | _aPRASAD (Devi) | ||
| 245 | _aEducation for living creatively and peacefully | ||
| 260 |
_aIndia _b- _c2005 |
||
| 300 | _axiv--157 | ||
| 650 | _apeacefully | ||
| 650 | _aliving | ||
| 650 | _afor | ||
| 650 | _aEducation | ||
| 650 | _acreatively | ||
| 650 | _aand | ||
| 690 | _aEducation | ||
| 906 | _a063307 | ||
| 999 |
_c135745 _d135745 |
||